000 00786nam a2200217 a 4500
005 20160309140800.0
008 160309s1992 -usa fr|||| 001 0 eng d
020 _a1566191475
040 _aCO-BoIAVH
_cCO-BoIAVH
041 0 _aeng
044 _axxu
090 _aRE
_b00002
110 2 _aWebster's New World Dictionaries
245 1 0 _aWebster's new universal unabridged dictionary
260 _aNueva York :
_bBarnes and Noble Books,
_c1992.
300 _a1854 páginas :
_bilustraciones ;
_c29 x 22 centímetros
650 4 _aLengua inglesa
_xDiccionarios, enciclopedias, etc.
650 4 _aLengua inglesa
_xterminología
_vDiccionarios, enciclopedias, etc.
650 6 _aFonética
_vterminología
_xDiccionarios, enciclopedias, etc.
942 _cLIBRO
_2ddc
999 _c1742
_d1742